[Event "Hamburg Robinow op"]
[Site "Hamburg"]
[Date "2005.10.08"]
[Round "8"]
[White "Meyer, Willi"]
[Black "Mandelkow, Bernd"]
[Result "0-1"]
[WhiteElo "1638"]
[BlackElo "1301"]
[PlyCount "58"]
[EventDate "2005.10.01"]
[EventType "swiss"]
[EventRounds "9"]
[EventCountry "GER"]
[SourceTitle "CBM 108 Extra"]
[Source "ChessBase"]
[SourceDate "2005.11.04"]
[SourceVersion "1"]
[SourceVersionDate "2005.11.04"]
[SourceQuality "1"]

1. d4 d5 2. Nc3 e6 3. e4 dxe4 4. Nxe4 f5 5. Bg5 Be7 6. Bxe7 Qxe7 7. Nc3 c6 8. Nf3 Nf6 9. Bd3 0-0 10. Qe2 Qd6 11. 0-0-0 Nd5 12. Nxd5 cxd5 13. Ne5 Nc6 14. c3 Nxe5 15. dxe5 Qc7 16. Kb1 a5 17. g4 a4 18. Rc1 Bd7 19. gxf5 exf5 20. c4 d4 21. c5 Be6 22. Bc4 Qf7 23. Bxe6 Qxe6 24. Qc4 Qxc4 25. Rxc4 d3 26. Rd4 Rfd8 27. Rd6 Rdc8 28. Rxd3 Rxc5 29. a3 Rac8 0-1

[Event "Hamburg Robinow op"]
[Site "Hamburg"]
[Date "2005.10.01"]
[Round "1"]
[White "Assmus, Edgar"]
[Black "Mandelkow, Bernd"]
[Result "1-0"]
[WhiteElo "1663"]
[BlackElo "1301"]
[PlyCount "120"]
[EventDate "2005.10.01"]
[EventType "swiss"]
[EventRounds "9"]
[EventCountry "GER"]
[SourceTitle "CBM 108 Extra"]
[Source "ChessBase"]
[SourceDate "2005.11.04"]
[SourceVersion "1"]
[SourceVersionDate "2005.11.04"]
[SourceQuality "1"]

1. d4 d5 2. c4 Nf6 3. cxd5 Nxd5 4. e4 Nb6 5. Nc3 e6 6. Be3 Be7 7. f4 0-0 8. Nf3 Bd7 9. Be2 Bh4+ 10. g3 Be7 11. 0-0 Bc6 12. a3 N8d7 13. Qc2 Nf6 14. h3 Qe8 15. Rfc1 Na4 16. Nxa4 Bxa4 17. Qb1 Bc6 18. Bd3 Nh5 19. Kh2 Nf6 20. b4 Bb5 21. Rxc7 Bxd3 22. Qxd3 b6 23. Rac1 Nd7 24. e5 f6 25. Qb3 Bd8 26. R7c6 Nc5 27. R6xc5 bxc5 28. dxc5 fxe5 29. Nxe5 Bc7 30. Bd4 Rd8 31. Qb2 Bxe5 32. Bxe5 Rf7 33. c6 g5 34. c7 Rc8 35. b5 gxf4 36. gxf4 Rd7 37. Rg1+ Kf7 38. Qg2 Qf8 39. a4 Ke8 40. a5 Rcxc7 41. Bxc7 Rxc7 42. Qa8+ Ke7 43. Qxf8+ Kxf8 44. Rb1 Ke7 45. Kg3 Kf6 46. b6 axb6 47. axb6 Rb7 48. Rb5 h6 49. Kg4 Kg6 50. h4 Kh7 51. f5 Kg7 52. Kf4 Kf6 53. Ke4 Ke7 54. Ke5 Kd7 55. Kf6 Kd6 56. Re5 Rb8 57. Rxe6+ Kd7 58. Ke5 Rf8 59. Rxh6 Re8+ 60. Kd5 Rf8 1-0